1746 1281 1626 1249 1771 1550 1642 1622 1039 1352 1896 1377 1894 1649 1250 1520 1757 1628 1114 1407 1837 1319 1580 1579 1752 1905 1458 1369 1473 1705 1990 1720 1026 1129 1224 1024 1493 1540 1284 1693 1051 1684 1880 1862 1071 1076 1792 1808 1144 1958 1473 1430 1326 1039 1090 1647 1330 1651 1384 1562 1077 1516 1434 1687 1260 1947 1627 1699 1347 1563 1471 1578 1541 1010 1741 1381 1209 1688 1221 1221 1018 1213 1545 1597 1651 1330 1370 1923 1137 1837 1505 1696 1115 1358 1758 1818 1748 1420 1943 BCNSPRNW ULIB Ver.6.0+V

เปลี่ยนเป็นภาษาไทย

Change to English
 แสดงรายละเอียดบรรณานุกรม
  กลับหน้าหลัก

Brief Record : Get Marc (ISO 2709) : E-mail record : QR code < ปิดหน้าต่าง
LEADER : 00000nam 2200000uu 4500
001    13399126190
003     ULIB
008    180712s2013||||th 000 0 tha d
020    ^a9780521497671
050 00 ^aPE1128^bJ251C^cV.1
100 0  ^aJakeman, Vanessa.
245 10 ^aCambridge practice tests for IELTS 1 /^cVanessa Jakeman, Clare McDowell
260    ^aCambridge :^bCambridge University Press,^c2013
300    ^a156 p.:^bill. ;^c25 cm.
650 00 ^aInternational English Language Testing System.
650 00 ^aEnglish language^xExaminations, questions, etc.
650 00 ^aEnglish language^xTextbooks for foreign speakers
700 1  ^aMcDowell, Clare
945    ^p0^l0^i26408
999    ^aกัณชพร จุลอักษร
รายการนี้ยังไม่มีแท็ก
คุณยังไม่ได้ล็อกอิน คุณสามารถมีกิจกรรมร่วมกับเว็บไซต์ได้ แต่ต้องล็อกอินก่อน ::
  ล็อกอิน

รายการสื่อสารสนเทศ

ลำดับที่ ประเภท เลขเรียก/บาร์โค้ด สถานที่ สถานะ
1. วิทยาศาสตร์การแพทย์ และสุขภาพ
วิทยาศาสตร์การแพทย์ และสุขภาพ
PE1128 J251C V.1 ฉ.1 
  Barcode: 26408
ห้องสมุดวิทยาเขตนครสวรรค์
►หนังสือทั่วไป:l:General Books
บนชั้น

รายการใกล้เคียง
    ผู้แต่ง [Jakeman, Vanessa.]

    หัวเรื่อง [International English Language Testing System.]

BibComment


ยังไม่เคยถูกคอมเมนท์

คอมเมนท์ทรัพยากรรายการนี้
  คอมเมนท์: Cambridge practi..


 Copyright 2026. Bcnsprnw @Library